Normal view MARC view
  • México

Entry Nombre Geográfico

Number of records used in: 6

001 - NÚMERO DE CONTROL

  • campo de control: 27178

003 - IDENTIFICADOR DE NUMERO DE CONTROL

  • campo de control: UPN

005 - FECHA Y HORA DE LA ÜLTIMA TRANSACCIÓN

  • campo de control: 20240223104823.0

008 - DATOS DE LONGITUD FIJA

  • campo de control de longitud fija: 220906n||fcnnnbabn | ana |d

035 ## - NÚMERO DE CONTROL

  • Número de control: UPN10000027187

040 ## - FUENTE DE CATALOGACIÓN

  • Agencia de catalogación original: UPN
  • Lenguaje de catalogación: spa
  • Agencia de transcripción: UPN

151 ## - ENCABEZAMIENTO - NOMBRE GEOGRÁFICO

  • Nombre geográfico: México
  • Subdivisión general : Historia
  • Subdivisión cronológica : 1867-1910

670 ## - FUENTE EN LA QUE SE LOCALIZARON DATOS

  • Cita de la fuente: E
  • Información localizada: México - Historia - 1910-1946

902 ## - CATALOGADOR

  • Catalogador: EMR/280219